[Event "AUT-chT 9900"]
[Site "Austria"]
[Date "2000.03.18"]
[Round "10.2"]
[White "Atlas, Valeri"]
[Black "Weinzettl, Ernst"]
[Result "0-1"]
[WhiteElo "2465"]
[BlackElo "2401"]
[Annotator "Atlas,V"]
[PlyCount "154"]
[EventDate "1999.10.22"]
[EventType "team-tourn"]
[EventRounds "11"]
[EventCountry "AUT"]
[SourceTitle "EXT 2001"]
[Source "ChessBase"]
[SourceDate "2000.11.22"]
[SourceVersion "1"]
[SourceVersionDate "2000.11.22"]
[SourceQuality "1"]
[WhiteTeam "Hohenems SK"]
[BlackTeam "Ottakring SK"]
[WhiteTeamCountry "AUT"]
[BlackTeamCountry "AUT"]

1. e4 e6 2. d4 d5 3. Nc3 Bb4 4. e5 c5 5. a3 Bxc3+ 6. bxc3 Nh6 $5 {This rare
knight move is gaining popularity in the modern practice.} 7. Nf3 ({Series of
exchanges does not seem to be profitable for White here:} 7. Bb5+ Bd7 8. Bxd7+
Nxd7 9. Bxh6 gxh6 10. Qh5 Rg8 11. Ne2 cxd4 12. O-O dxc3 13. Rab1 b6 14. Qxh6
Nxe5 15. f4 Ng4 16. Qxh7 Nf6 17. Qh3 Qc7 18. Rb3 Qc5+ 19. Kh1 Ne4 20. Qh4 Qe3
21. Qe1 Kd7 22. Nxc3 Ng3+ 23. Qxg3 Rxg3 24. Nxd5 {0-1 Huber,A-Rott,G/Graz op-A
1999/http://w3.to/ajelibre/ (24)}) 7... Nc6 8. Bd3 Nf5 ({An important
alternative here is:} 8... Bd7 9. Rb1 Qc7 10. O-O c4 11. Be2 O-O-O 12. Bxh6
gxh6 13. Qc1 Ne7 14. Qxh6 Nf5 15. Qd2 Rhg8 16. Ne1 f6 17. exf6 Rdf8 18. Nf3
Rxf6 19. Ne5 Be8 20. Bg4 Nd6 21. f3 h5 22. Bh3 Bg6 23. Qg5 Qg7 24. Rf2 Bf5 25.
Qxg7 Rxg7 26. Bxf5 exf5 27. Re2 a6 28. a4 Kc7 29. Kf2 {1/2-1/2 Klovans,J-Rott,
G/Graz op-A 1999/http://w3.to/ajelibre/ (66)}) 9. O-O $5 ({Another option:} 9.
dxc5 {yielded White a strong attack after} Nh4 10. Nxh4 Qxh4 11. Qe2 d4 12. O-O
dxc3 13. f4 Bd7 14. Rb1 Qe7 15. Rxb7 Qxc5+ 16. Be3 Qd5 17. Rfb1 Nd8 18. Rxd7
Kxd7 19. Bb5+ Kc8 20. Rd1 Qa2 21. Qd3 Nb7 22. Qxc3+ Kb8 23. Ba6 {1-0 Dueball,
J-Rott,G/Germany 1998/EXT 99 (23)}) 9... Qa5 10. Bd2 c4 11. Be2 (11. Bxf5 $5
exf5 12. a4 {leads to unclear play.}) 11... Bd7 12. g4 Nfe7 13. Nh4 {[%cal
Gf2f5] Preparing the f-pawn march.} h5 $5 14. gxh5 O-O-O 15. Kh1 Rh7 16. Rg1
Rdh8 17. Rg2 g6 18. Bf3 ({Allowing for the exchange sacrifice, which yields
Black good counterplay. Stronger was} 18. Rg5 $1 {, and White keeps better
chances.}) 18... Rxh5 $5 ({After} 18... gxh5 19. Qe2 {White has better
prospects.}) 19. Bxh5 Rxh5 20. Nf3 Nf5 21. Rg5 Rh8 22. a4 $5 {[%cal Gd1c1,
Gc1a3,Ga3c5] Sacrificing the a-pawn for the possibility to bring the white
queen to the f8-a3 diagonal.} Nd8 23. Qc1 Bxa4 24. Qa3 b5 25. Qc5+ Qc7 26.
Qxc7+ Kxc7 27. Ra2 Nc6 28. Rg4 Kd7 29. Bg5 a5 30. Rg1 Nce7 31. Bc1 $1 {[%cal
Gc1a3,Ga3e7] Now the Bishop comes to the a3-square.} Nc6 32. Ng5 Ke8 33. Ba3
Rh5 34. Bc5 Nfe7 35. h3 Nf5 36. Kh2 Nh4 37. Kh1 Nd8 38. f4 $6 ({A risky pawn
move in a time-trouble. After the more prudent} 38. Rg4 Nc6 {the chances are
about equal.}) 38... Nf5 39. Re1 Rh4 40. Kg2 Rxf4 41. Nh7 Nc6 42. Nf6+ Kd8 43.
Ba3 Nce7 44. Bc1 Nh4+ 45. Kg3 Nef5+ ({Another interesting option here was} 
45... Rf3+ 46. Kxh4 Nf5+ 47. Kg5 ({certainly, not} 47. Kg4 $4 Rg3+ 48. Kf4 g5#)
47... Rxc3 (47... Rg3+ 48. Ng4) 48. Bd2 Rg3+ 49. Ng4 c3 $13 {, with good
compensation for the rook.}) 46. Kxf4 Ng2+ 47. Kf3 Nxe1+ 48. Ke2 Nxc2 49. Bg5
Kc7 50. Kd2 Kc6 51. Rxc2 $6 (51. Rxa4 {is strongly met by} Ncxd4 $1) (51. Bf4
$5 {/\Ra4 was to be preferred, altgough after} Ncxd4 52. cxd4 Nxd4 53. Ng4 {
the position remains very unclear.}) 51... Bxc2 52. Kxc2 b4 53. Bc1 a4 $1 54.
Ng4 a3 $1 {[%cal Ga3a1,Gb4b1]} 55. cxb4 (55. Nh6 {is refuted by} b3+ 56. Kb1
a2+ 57. Kb2 Nh4 (57... Nxd4 58. cxd4 c3+ 59. Ka1 Kb5 60. Nxf7 Kc4 61. Nd6+ Kd3
62. Nb5 Kc2 63. Nxc3 Kxc3 64. Bb2+ Kd3 65. h4 Kc2 66. Ba3 Kc3 67. Bb2+ Kd3 $19)
) 55... Nxd4+ 56. Kb1 Nb5 57. Ne3 c3 58. Nc2 d4 59. Nxa3 d3 60. Nxb5 Kxb5 61.
Be3 Kxb4 62. Kc1 Kc4 63. Bb6 {[%cal Gc4b3,Gd3d2,Gc3c2]} Kd5 $6 (63... Kb3 $1 {
was the simplest way to victory:} 64. Be3 (64. Kd1 c2+ 65. Kc1 d2+ 66. Kxd2 Kb2
) (64. Bd4 d2+ 65. Kd1 Kc4 66. Bb6 Kd3) 64... d2+ 65. Kd1 Kb2 {/\c2-+} (65...
c2+ 66. Kxd2 Kb2 67. Kd3 c1=Q 68. Bxc1+ Kxc1 69. Ke4 Kd2 (69... g5 $2 70. Kf3
Kd2 71. Kg4 Ke3 72. Kxg5 $18) 70. Kf4 Kd3 71. Kg5 Ke4 72. Kf6 g5 73. Kxg5 Kxe5
74. h4 Kd6 75. Kf6 e5 $11) 66. Bd4 (66. Bxd2 cxd2 67. Kxd2 Kb3 68. Kd3 Kb4 $19)
66... g5 $1 $19 {(.)}) 64. Ba5 Kxe5 $2 ({If} 64... Kd4 $2 {, then} 65. h4 $1
Kc4 66. Bb6 Kb3 67. Be3 d2+ 68. Kd1 Kb2 69. Bd4 $11) ({Correct was} 64... Kc4
$1) 65. Bxc3+ Ke4 66. Kd2 f5 67. h4 e5 68. Ba5 f4 69. Bb6 (69. Bc7 {is met by}
Kd4 70. Bb6+ Kc4 71. Bc7 f3 72. Bb6 e4 73. Bf2 Kd5 74. Be1 Ke5 75. Ke3 Kf5 {
/\Kg4-h3-g2 -+}) 69... Kf3 70. Kxd3 e4+ 71. Kd4 $2 $138 (71. Kd2 $1 Kg2 $140
72. Ke2 e3 73. Ke1 Kf3 74. Bd8 Ke4 75. Bg5 f3 76. Bh6 Kd3 77. Kf1 {was to be
preferred. After the text move Black is winning easily.}) 71... e3 72. Ke5 Kg3
73. Kf6 e2 74. Ba5 f3 75. Be1+ f2 76. Bxf2+ Kxf2 77. Kxg6 e1=Q {...} 0-1

[Event "WchT 4th"]
[Site "Luzern"]
[Date "1997.10.25"]
[Round "1.2"]
[White "Gallagher, Joseph G"]
[Black "Lputian, Smbat G"]
[Result "0-1"]
[WhiteElo "2525"]
[BlackElo "2585"]
[Annotator "Atlas,V"]
[PlyCount "79"]
[EventDate "1997.10.25"]
[EventType "team-tourn"]
[EventRounds "9"]
[EventCountry "SUI"]
[SourceTitle "CBM 062"]
[Source "ChessBase"]
[SourceDate "1998.01.31"]
[SourceVersion "1"]
[SourceVersionDate "1998.01.31"]
[SourceQuality "1"]
[WhiteTeam "Switzerland"]
[BlackTeam "Armenia"]
[WhiteTeamCountry "SUI"]
[BlackTeamCountry "ARM"]

1. e4 {Finkel,A} e6 2. d4 d5 3. Nc3 Bb4 4. e5 c5 5. a3 Ba5 {Finkel: One of the
most favorite variations of armenian grandmaster.} 6. b4 cxd4 7. Nb5 Bc7 8. f4
Bd7 9. Nf3 ({In this system White can choose, which of the black bishops will
be exchanged for his b5 knight. Exchange of the dark-squared bishop is more
popular in the modern practice:} 9. Nxc7+ Qxc7 10. Nf3 (10. Bb2 $5 {Finkel,A}
Nh6 11. Nf3 Nc6 12. Bd3 Rc8 13. Qe2 Nf5 14. O-O Ne3 $5 15. Rfc1 Nc4 16. Bxc4
dxc4 17. Bxd4 $14 {Sevillano,E-Comas Fabrego,L/Moscow olm PHI-ESP 1994 (47)})
10... a5 (10... Nc6 {Finkel,A} 11. Bb2 Nge7 12. Bd3 a6 $5 13. O-O h6 $1 14. Qd2
O-O 15. Kh1 Nf5 16. Rfe1 Rac8 $132 {Apicella,M-Dimitrov,V/Sofia team 1990 (41)}
) 11. Bd2 axb4 12. axb4 Rxa1 13. Qxa1 Nh6 (13... Qxc2 {Finkel,A} 14. Qa8 Qc8
15. b5 $1 Ne7 16. Bd3 O-O 17. O-O $44) 14. Bd3 Nf5 15. Nxd4 Nxd4 16. Qxd4 Nc6
17. Qf2 O-O 18. O-O Ne7 19. Be3 f5 20. exf6 Rxf6 21. Bd4 Rf7 22. Be5 Qc8 23.
Qh4 h6 {Novik,M-Lputian,S/Moscow Alekhine op 1992/CBM 33/1-0 (62)}) (9. Nxd4 $5
{Finkel,A} Nc6 10. Ngf3 Nh6 11. Bd3 Bb6 12. Bb2 O-O 13. O-O Rc8 14. Kh1 Nf5 15.
Nxf5 (15. Bxf5 exf5 16. Qd3 Ne7 17. Rae1 Qc7 $132) 15... exf5 16. c4 $5 (16.
Qd2 $5) 16... dxc4 17. Bxc4 Be6 (17... Nxb4 $5 18. Bxf7+ Rxf7 19. axb4 Bc6 $132
) 18. Bxe6 fxe6 19. Qb3 Qe7 $11 {Jakubiec,A-Bashkov,V/Katowice op 1993/1/2-1/2
(46)}) 9... Bxb5 (9... Ne7 {Finkel,A} 10. Nbxd4 Nbc6 (10... Ba4 $5 11. Bd3 a6
12. Ng5 $6 (12. O-O Nbc6 13. Bb2 Nxd4 14. Nxd4 Rc8 15. f5 $1 $36) 12... g6 13.
h4 h5 14. g4 $6 Nbc6 15. Nxc6 Bxc6 $15 {Tonning Erik-Lyrberg Patrik/It (open)
"Peer Gynt", Gausdal (Norway) 1995 (26)}) 11. Be3 Nxd4 (11... f6 $5 12. Bd3
Nxd4 13. Nxd4 fxe5 14. fxe5 O-O $15) 12. Nxd4 Bb6 13. c3 (13. Bd3 $5 Qc7 14.
Qd2 O-O {/\ f6}) 13... Rc8 (13... a6 14. Bd3 Bxd4 15. cxd4 Bb5 $15) 14. Rc1 a6
(14... Nc6 15. Bd3 Nxd4 16. cxd4 Rxc1 17. Qxc1 a6 18. O-O Bb5 $11 {Lacasa,
J-Comas Fabrego,L/Olot op 1994 (40)}) 15. Bd3 Bxd4 16. cxd4 Bb5 17. Bxb5+ axb5
18. Rc5 b6 19. Rxc8 Qxc8 $15 {=/+ Kovacevic,V-Lputian,S/Geneve (open) 1986})
10. Bxb5+ Nd7 ({Another popular move is} 10... Nc6 11. O-O (11. Bd3 $5 {
Finkel,A} Nge7 12. Qe2 Bb6 13. O-O Nf5 14. Kh1 Qc7 15. a4 $6 (15. Bxf5 $5 exf5
16. Qd3 Qd7 17. Bb2 Rc8 18. b5 Na5 19. Bxd4 $14) 15... Nxb4 16. Bxf5 exf5 17.
Qb5+ Nc6 18. Ba3 Qd7 19. Bd6 Na5 $1 $15 {Stefansson,H-Mueller,K/Altensteig
1992/1-0 (100)}) (11. Nxd4 {Finkel,A} Nge7 12. Be3 Bb6 13. Qd2 Rc8 14. O-O O-O
15. Nxc6 Nxc6 16. Bd3 a5 17. Rab1 axb4 $11 {Cladouras,P-Budnikov,A/Berlin
Summer op 1992 (26)}) 11... Nge7 12. Bd3 a6 (12... Nf5 13. Bxf5 exf5 14. Qd3
Qd7 15. Bb2 O-O 16. Kh1 Bb6 17. Rfd1 Rac8 18. Rd2 g6 19. Rad1 Nd8 20. Bxd4 Ne6
21. Bxb6 axb6 22. c4 d4 23. Nxd4 Nxd4 24. Qxd4 Qc6 25. Rc1 Ra8 26. Rc3 Rfc8 27.
Qd5 {Dragovic,M-Gavela,D/JUG-chT2 1994/EXT 94ch/1-0 (46)}) 13. Kh1 h6 14. Qe2 (
14. Bb2 {Finkel,A} Bb6 15. Nd2 (15. Qd2 $6 O-O 16. a4 Qc7 17. b5 axb5 18. axb5
Na5 19. Bxd4 Nc4 20. Qb4 Ng6 $15 {Short,N-Vaganian,R/Biel izt 1985/0-1 (52)}))
14... Qd7 15. Bb2 Bb6 16. Rae1 Rc8 (16... g6 17. Nh4 Nf5 18. Nxf5 gxf5 19. g4
fxg4 20. Qxg4 O-O-O 21. Qh5 Rdf8 22. f5 Bc7 23. f6 Rfg8 24. Bc1 Qe8 25. Bf4 Qf8
26. Rg1 Rxg1+ 27. Rxg1 {1/2-1/2 Hellers,F-Dimitrov,V/WchJ 1986/EXT 86ch (56)})
(16... O-O-O $5 {Finkel,A}) 17. g4 g6 18. Nh4 h5 19. f5 hxg4 20. fxg6 Rxh4 21.
gxf7+ Kf8 22. Bc1 Nf5 23. Bxf5 d3 24. Bxd3 g3 25. Qg2 Rxh2+ 26. Qxh2 gxh2 27.
Bh6+ Ke7 28. Bg5+ Kf8 29. Bh6+ Ke7 30. Bg6 Bc7 31. Bg5+ Kf8 32. Bh6+ Ke7 33.
f8=Q+ Rxf8 34. Bxf8+ Kd8 35. Rf7 Qe8 36. Bg7 Nxe5 37. Bf6+ {1-0 Chandler,
M-Vaganian,R/London 1986/MCL 02}) 11. O-O (11. Bb2 $6 {Finkel,A} Ne7 12. Bxd4
Nf5 13. c3 O-O 14. Bd3 Nxd4 15. cxd4 f6 (15... Rc8 $2 16. Bxh7+ Kxh7 17. Ng5+
$18 {[%cal Gd1h5]}) 16. O-O Rc8 $13) 11... Ne7 12. Nxd4 O-O 13. Bd3 g6 (13...
Bb6 $6 {Finkel,A} 14. c3 Rc8 15. Bb2 Nc6 16. Kh1 $36) 14. Bb2 $6 {Finkel:
Bishop's place is on e3,but also after move in the game white keeps slightly
better chances. A dubious decision. Now Black obtains a chance to develop a
strong initiative on the queenside. After the natural 14.Be3 White retains a
minimal advantage.} Nb6 $1 {This knight is playing major role in black's play.
Intending to penetrate to a4.} 15. Qf3 ({Now} 15. a4 {is strongly met by} Nc4 (
15... a5 16. b5 Nc4 {is also good for Black}) 16. Bxc4 (16. Bc1 {falls short
after} Bb6) (16. Bc3 {is bad in view of} Ne3) 16... dxc4 {/\Bb6, /\Nd5, with
dangerous initiative.}) (15. Nb5 $6 {Finkel,A} Na4 16. Bd4 Bb6 17. Kh1 Bxd4 18.
Nxd4 Nb2 19. Qd2 Nxd3 20. cxd3 Qb6 $11) 15... Na4 16. Bc1 Bb6 17. Be3 Nb2 $1 {
The b8-knight works very efficiently in this game. Now White's active
light-squared bishop cannot escape the exchange, since 18.Be2 is strongly met
by 18...Rc8.} 18. a4 $6 {Finkel: White is too optimistic about his chances in
this position.} ({Unnecessarily weakening the b4-pawn. It seems that the
ingenuous} 18. Rab1 Nxd3 19. cxd3 {was much better.} (19. cxd3 {Finkel,A} Rc8 (
19... Nc6 20. Nxc6 bxc6 21. Rbc1 Rc8 22. Bc5 $1 $14) 20. Rbc1 $11 {was more in
spirit of position.})) 18... a6 {Otherwise 19.a5 is very unpleasant.} 19. a5
Ba7 20. Nb3 $6 ({This dubious move yields Black a large advantage. Again,} 20.
Rab1 Nxd3 21. cxd3 {was to be preferred.}) 20... Nxd3 21. cxd3 d4 $1 {Finkel:
Of course the assesment of the position still lies very close to equality,but
now black is the one who fights for the advantage. Correct decision. Weakness
of the d4-pawn is fully compensated by the actvity of the black pieces gaining
now access to d5.} 22. Bf2 Qd5 $1 {Forcing the queen exchange.} 23. Qxd5 (23.
Qd1 {is strongly met by} Nf5 {/\Ne3} (23... Nc6 {is also very unpleasant for
White})) ({If} 23. Nd2 {, then} Qxf3 24. Nxf3 Nd5) 23... Nxd5 24. Bxd4 Bxd4+
25. Nxd4 Rfd8 $1 ({It is much stronger than} 25... Nxb4 26. Rab1 Nxd3 27. Rxb7)
26. Nb3 (26. Rab1 $6 {Finkel,A} Rac8 $1 (26... Ne3 27. Rf3 Rxd4 28. Rxe3 Rxf4
29. Re4 Rxe4 30. dxe4 Rc8 31. Kf2 $11 {[%cal Gb4b5]}) 27. Nb3 Nxb4 28. Nc1 Nxd3
29. Nxd3 Rxd3 30. Rxb7 Rc2 $17) (26. Ne2 $5 {Finkel,A} Nxb4 27. Rfb1 Nxd3 28.
Rxb7 Rac8 $36 {[%cal Gc8c2]}) 26... Nxb4 27. Nc5 Rab8 28. Rab1 (28. Ra3 $5 {
Finkel,A} Rd5 29. Rb1 Nc2 $1 30. Rc3 Rc8 $1 31. Rxc2 Rcxc5 32. Rxc5 Rxc5 33.
Rxb7 Rxa5 $15) 28... Nxd3 29. Nxb7 Rd5 {Finkel: Now the advantage of black is
beyond any doubt.} 30. g3 (30. Nd6 {Finkel,A} Rxb1 31. Rxb1 Nxf4 (31... Rxa5 $6
32. Rb8+ Kg7 33. g3 $132) 32. Rb8+ Kg7 33. Rb7 Nd3 34. Nxf7 Rxa5 35. h4 Kg8 $17
) 30... g5 $1 {This natural move destroys White's pawn chain and opens the way
for the black king.} 31. Rb3 Kg7 32. fxg5 ({Uneasy decision, but Black is
threatening by gxf4 followed by Kg6-f5, whilst} 32. Rd1 $2 {fails to} Nxf4)
32... Nxe5 33. h4 Rc8 $1 {[%cal Gg7g6,Gg6h5,Gh5g4,Gd5d2,Gc8c2] Involving the
rook into play. White pieces are discoordinated, his knight has no moves,
whereas Black has manifold possibilities to activate further his pieces.} 34.
Rfb1 Kg6 {White is helpless.} 35. Rb6 Kh5 {[%csl Rb1,Rg1][%cal Gc8c2,Ge5f3,
Gf3d2,Gf3g1,Yd5d2,Yd2g2,Gc2d2]} ({King's march wins easily, but the most
natural} 35... Rc2 $1 36. R6b2 (36. Rd6 Nf3+ 37. Kf1 Nd2+ $19) (36. R6b3 Rdd2
$19) 36... Nf3+ 37. Kf1 (37. Kh1 Rd1+ $19) 37... Rcd2 $1 {followed by ...Rf5
was simpler.}) 36. Rd6 {Finkel: Despiration,but it's not so easy to give white
a good advice!} ({Taking the chance to exchange the rooks. It is obvious that
after} 36. Rxa6 Rc2 {White is defenceless.}) 36... Rc2 37. Rxd5 exd5 38. Rb4 {
Preventing the killing ...Kg4.} d4 $1 {Using the tactical motive (the d-pawn
is invulnerable in view of ...Nf3+). White is entirely helpless against the
d-pawn march.} 39. Nd6 d3 40. Nf5 {White resigned in view of 40...d2.} 0-1

[Event "Bundesliga 0506"]
[Site "Germany"]
[Date "2005.12.11"]
[Round "6.8"]
[White "Rudolf, Henrik"]
[Black "Schmidt, Bodo"]
[Result "0-1"]
[WhiteElo "2346"]
[BlackElo "2332"]
[Annotator "Atlas,V"]
[PlyCount "80"]
[EventDate "2005.10.21"]
[EventType "team-tourn"]
[EventRounds "15"]
[EventCountry "GER"]
[SourceTitle "CBM 111"]
[Source "ChessBase"]
[SourceDate "2006.04.04"]
[SourceVersion "1"]
[SourceVersionDate "2006.04.04"]
[SourceQuality "1"]
[WhiteTeam "Neukoelln"]
[BlackTeam "Godesberg"]
[WhiteTeamCountry "GER"]
[BlackTeamCountry "GER"]

1. e4 e6 2. d4 d5 3. Nc3 Bb4 4. e5 c5 5. a3 Bxc3+ 6. bxc3 Qa5 7. Bd2 Qa4 8. Nf3
b6 9. c4 Ba6 10. cxd5 Bxf1 11. Kxf1 exd5 12. dxc5 bxc5 13. Qe2 Ne7 14. e6 f6
15. c4 d4 16. g3 Qc6 17. h4 Na6 18. h5 Rb8 19. Kg2 O-O 20. Bf4 Rb6 21. Rhe1 Nc7
22. Bxc7 Qxc7 23. Rab1 Qc6 24. Rb5 Rfb8 25. Reb1 ({Or} 25. a4 a6 26. Rxb6 Rxb6
{, keeping an edge.}) 25... Rxb5 26. cxb5 Qd5 27. a4 d3 (27... Rb6 28. Re1 Rd6
{was a tempting alternative.}) 28. Qe3 Rb6 $6 ({Better was} 28... Nf5 29. Qf4
Re8 {retaining an advantage.}) 29. Rc1 $1 c4 30. Qf4 Rxe6 31. Rxc4 $4 ({
A terrible mistake severely punished by Black. Essential was} 31. Qxc4 {
, with equal chances.}) {[%tqu "En","How would you take advantage of White's
big mistake on the previous move?","The passed pawn is Black's main trump in
this position...","Exploit a shaky position of the white rook and the pin on
the main diagonal.","d3d2","Of course! This nice move wins a rook and the game.
",3]} 31... d2 $1 {[%csl Gd5][%cal Gd5c4,Gd5g2] This simple move was obviously
overlooked by White. Now the game is over.} 32. Rd4 ({Or} 32. Qxd2 Qxc4) 32...
d1=Q 33. Qb8+ Kf7 34. Rxd1 Qxd1 35. Qxa7 Qb3 36. Qa8 Rd6 37. h6 Qd5 38. Qb8 Rd8
39. Qf4 Ng6 40. Qc7+ Rd7 0-1

[Event "AUT-chT 9596"]
[Site "Austria"]
[Date "1996.??.??"]
[Round "?"]
[White "Atlas, Valeri"]
[Black "Kindermann, Stefan"]
[Result "1-0"]
[WhiteElo "2440"]
[BlackElo "2565"]
[Annotator "Atlas,V"]
[PlyCount "83"]
[EventDate "1995.??.??"]
[EventType "team"]
[EventRounds "11"]
[EventCountry "AUT"]
[SourceTitle "CBM 052"]
[Source "ChessBase"]
[SourceDate "1996.06.01"]
[SourceVersion "1"]
[SourceVersionDate "1996.06.01"]
[SourceQuality "1"]

1. e4 e6 2. d4 d5 3. Nc3 Bb4 4. e5 c5 5. a3 Ba5 6. b4 cxd4 7. Nb5 Bc7 8. f4 Nh6
(8... Ne7 9. Nf3 a6 10. Nxc7+ Qxc7 11. Bd3 Bd7 12. Bb2 Ba4 13. O-O Nbc6 14. Rf2
Rc8 15. Rc1 g6 16. Qd2 a5 17. b5 Na7 18. Qe2 Nf5 19. g4 Ne7 20. b6 {1-0 Lanc,
Alois-Hagara,Eduard/Topolcianky ch-SVK (03) 1994}) 9. Nf3 (9. Bd3 Bd7 10. Nf3
Bxb5 11. Bxb5+ Nc6 12. Nxd4 O-O 13. Bxc6 bxc6 14. Nxc6 Qd7 15. Nd4 Bb6 16. Be3
Rfc8 17. O-O Rc3 18. Bf2 Rac8 $17 {Wallace-Landenbergue, Moscow ol, 1994}) 9...
Bd7 10. Nxc7+ (10. Bb2 O-O 11. Nxc7 Qxc7 12. Bd3 Nc6 13. O-O a6 14. Qe2 Nf5 15.
Kh1 Rac8 16. Rf2 f6 17. Re1 fxe5 18. fxe5 Qd8 $15 {Duschek-Landenbergue, Bern
1994}) (10. Nfxd4 $5 {N} a6 11. Nxc7+ Qxc7 12. Bd2 $14 (12. Bb2 $5) 12... Nc6
13. Nf3 $1 Ne7 14. a4 {[#]} Nef5 (14... Nc8 $5 {/\ Nb6-c4} 15. a5 Ne7 {/\ Bb5})
15. Bd3 Qb6 16. Qe2 O-O 17. Qf2 d4 $2 (17... Qxf2+ 18. Kxf2 Ng4+ $1 19. Ke2 f6
{/\ Be8-h5}) 18. h3 $16 Bc6 19. O-O Ne3 20. Rfe1 Nef5 $2 (20... Bxf3 21. Qxf3
Nhf5 22. g4 Ne7 $16) 21. Ng5 $18 f6 (21... g6 22. g4 Ne3 23. c3 {/\ cd4}) 22.
Nxe6 Rfe8 23. a5 Qa7 24. exf6 gxf6 25. g4 Kh8 26. gxf5 Rg8+ 27. Kf1 Rg2 28. Qh4
{1-0 Hellers,F-Knaak,R/Novi Sad (ol) 50/322 1990}) 10... Qxc7 11. Bb2 (11. Bd3
a6 12. a4 $1 $146 (12. O-O Bb5 13. Bxb5+ axb5 14. Qd3 Nc6 15. Qxb5 Qd7 16. Qc5
(16. Ng5 f6 17. Nf3 O-O 18. Bb2 fxe5 19. fxe5 Nf5 20. Qd3 h6 21. Bxd4 Nfxd4 22.
Nxd4 Rxf1+ 23. Rxf1 Nxd4 24. Qxd4 Rxa3 25. c4 {1/2-1/2 Bichsel,W-Hug,W/SUI-chT
(7) 1994}) 16... Rc8 17. Re1 Nf5 18. Qb6 h5 19. Re2 O-O 20. Bb2 Nce7 21. Nxd4
Rc4 22. Nb3 d4 23. Nc5 Qd5 24. Nb3 d3 25. Rf2 Rxc2 26. Nd4 Rxf2 27. Kxf2 Rc8
28. Kg1 Nh4 {0-1 Almasi,Z-Hug,W/Altensteig (02) 1994}) 12... Nc6 (12... Nf5 13.
Qd2 $14) (12... Ng4 13. Qd2 $14) (12... b5 {d} 13. axb5 Qb6 14. Ra5 $1 {
/\Bb2+/-}) 13. Qd2 Nf5 (13... f6 $142 $5 {Hug,W} 14. exf6 gxf6 15. Bb2 Nf7 16.
b5 axb5 17. axb5 Rxa1+ 18. Bxa1 Ne7 19. Bxd4 e5 $132) (13... Qb6 14. Ba3 Nf5
15. b5 $1 $16 Na5 16. g4 $1 {a} Ne3 17. Qb4 O-O-O 18. bxa6 Qxb4+ 19. Bxb4 Nc6
20. Bd6 {/\Rb1+-}) 14. Bb2 Qb6 15. b5 axb5 16. axb5 Rxa1+ 17. Bxa1 Qa5 18. bxc6
(18. Bb2 $142 $1 Qxd2+ 19. Kxd2 Na5 20. Ra1 b6 21. g4 $1 Ne3 $140 22. Bxd4
Nec4+ 23. Kc3 Ke7 24. Bxb6 $18) (18. Ke2 Qxd2+ 19. Kxd2 Na5 20. g4 Ne3 21. Nxd4
Nac4+ 22. Ke2 h5 $1 23. g5 g6 $14) 18... Qxa1+ 19. Kf2 Qxh1 20. cxd7+ Kxd7 21.
Bxf5 (21. Qb4 Kc8) 21... exf5 22. e6+ (22. Qb4 Kc8 23. Qc5+ Kb8 $10) 22... fxe6
(22... Kxe6 $2 23. Nxd4+ Kf6 24. Qe3 $18) 23. Ne5+ Kc8 24. Qxd4 Rd8 $8 25. Qc5+
Kb8 26. Qb6 Kc8 27. Qc5+ Kb8 28. Qb6 Kc8 29. Qxe6+ Kc7 30. Qe7+ Kc8 31. Qe6+
Kc7 32. Qe7+ Kc8 33. Qe6+ {1/2-1/2, Atlas V-Kindermann, Ptuj zt 1995}) 11... a6
(11... Ba4 $5) (11... a5 $5 12. Bd3 axb4 13. axb4 Rxa1 14. Qxa1 O-O 15. Bxd4
Nc6 16. Bc5 Rc8 17. O-O b6 18. Bd6 Qd8 19. Qd1 Ne7 20. Ng5 Nef5 21. Qh5 Ba4 22.
Bxf5 exf5 23. Rf3 Rxc2 $17 {Smirin,I-Lputian,S/Lvov zt 1990}) 12. Nxd4 $1 $146
{+/=} (12. a4 $6 Nc6 13. Ba3 Nf5 (13... O-O $5 14. b5 axb5 15. axb5 Ne7 $1 (
15... Rxa3 $2 16. Rxa3 Nb4 17. Nxd4 $18))) (12. Bd3 Nc6 13. Nxd4 Qb6 $1 14. c3
Rc8 15. g4 Nxd4 16. cxd4 Bb5 17. h3 Bxd3 18. Qxd3 Qb5 19. Kd2 Kd7 20. Rhc1 f5
21. Qxb5+ axb5 $14 {Frick,R - Hug,W/Bern zt (04) 1990}) 12... Nc6 (12... Ba4 $5
13. Bd3 Nc6 14. O-O Qb6 15. Kh1 (15. Rf2 Bb5) 15... Bb5 16. f5 $5 $36 (16. Nxb5
axb5 17. f5)) 13. Nf3 (13. Nb3 $5 $14) (13. Bd3 $5 Qb6 $1 14. c3 Rc8 (14...
Nxd4 15. cxd4 Bb5 $5) 15. g4 Nxd4 16. cxd4 Bb5 {- see game Frick,R - Hug,W, 90}
) 13... Ne7 (13... O-O $5 {/\Nf5}) 14. a4 $1 {[#]} (14. Bd3 $6 Bb5 $1) 14...
Nc8 (14... O-O 15. Bd3 $16) 15. Bd3 Nb6 16. a5 Nc4 (16... Na4 17. Bd4) 17. Bd4
Bb5 18. O-O g6 (18... Nf5 19. Bxf5 exf5 20. e6 $1 $16) 19. Qe1 $1 {/\Qh4, ><f6}
Nf5 20. Bc5 (20. Bxf5 gxf5 21. Qh4 Qe7 $14) 20... h5 21. h3 (21. Bxf5 gxf5 22.
Qh4 Qd8 23. Qg3 Kd7 $14) 21... Qd7 (21... O-O-O $6 22. Bxc4 Bxc4 23. Bb6 Qc6
24. Bxd8 Bxf1 25. Bf6) 22. g4 $1 hxg4 23. hxg4 Ne7 24. Nd4 $5 (24. Kg2 $1 {
/\Rh1+/-}) 24... O-O-O 25. Kg2 Nc6 26. Nxb5 $5 (26. Rh1 Rxh1 $140 27. Qxh1 Ne3+
28. Kf3) 26... axb5 27. Rh1 $6 (27. a6 $5 bxa6 (27... b6 28. Bxc4 dxc4 29. Bd6
$16) 28. Rxa6 Kb7 29. Bxc4 Kxa6 30. Bxb5+ Kb7 31. Qe2 $44 (31. Ba6+ $143 $2
Kxa6 32. Qe2+ Kb7 33. Ra1 Kc8 $1 $8 34. Ra8+ Nb8 $19)) (27. Rd1 d4) 27... g5 $6
(27... Rxh1 $142 $1 28. Kxh1 g5 $1 29. Bxc4 dxc4 30. Bd6 $13) 28. Rxh8 $1 Rxh8
29. Bxc4 dxc4 30. Rd1 $1 $16 Qe8 (30... Qc7 31. Rd6 $16) 31. fxg5 (31. Qe4 $142
$1 Rh4 $8 (31... gxf4 32. Rd6 {/\a5-a6+-} Qg8 33. Rxc6+ $18) 32. fxg5 Qh8 33.
a6 $1 (33. Rd6 $2 Nxe5) 33... Rh2+ 34. Kg1 Qh3 (34... Qh4 35. axb7+ Kc7 36. Qf3
$18) 35. axb7+ Kc7 36. Bf2 $1 $18) 31... Qg8 32. Qe4 Qh7 $8 (32... Qxg5 33. a6
$1 $18) 33. Qxh7 Rxh7 34. Bd6 $16 {_|_} (34. g6 $5) 34... Rg7 35. Kf3 Rxg5 36.
Kf4 Rg7 $2 (36... Rg8 $142 37. Rh1 Kd7 38. Rh7 Ke8 39. g5 $16) 37. Rh1 $18 Kd7
38. Rh8 Nd4 $2 39. Rb8 Kc6 40. Rc8+ Kd7 (40... Kd5 41. Rc5#) 41. Rc7+ Kd8 42.
Rxb7 1-0